| 000 | 00678nam a2200253 a 4500 | ||
|---|---|---|---|
| 999 |
_c2546 _d2546 |
||
| 001 | 016028771 | ||
| 003 | UkOxU | ||
| 005 | 20230713114803.0 | ||
| 008 | 030528r20021998enk j 000 1 eng | ||
| 015 | _abA2X2258 | ||
| 020 | _a9780749646776 (pbk) | ||
| 035 | _a(UkLCURL)b80013163866 | ||
| 040 |
_dIeDuTC _dKH8 _cStDuBDS |
||
| 049 | _lb | ||
| 082 | 1 | 4 |
_a823.914 DOD _221 |
| 100 | 1 |
_aDodds, Siobhan. _eAuthor |
|
| 245 | 1 | 0 |
_aThis is my day / _cSiobhan Dodds. |
| 260 |
_aLondon : _bWatts, _c2002. |
||
| 300 |
_a[22] p : _bchiefly col. ill ; _c21 cm. |
||
| 500 | _aOriginally published: 1998. | ||
| 650 | _achildren's stories | ||
| 830 | 0 | _aMe and my world | |
| 942 |
_2ddc _cBK |
||